Les Pokémon qui changent de type en évoluant - Statistiques

Statistiques générales
  • Ce quiz a été pris 1 312 fois
    554 depuis la dernière actualisation
  • Le résultat moyen est 40 sur 97
Statistiques - réponses
Génération Pokémon % Correct
1 Reptincel
94%
Chrysacier
83%
Onix
81%
Evoli
78%
Draco
73%
3 Poussifeu
69%
Gobou
68%
Insécateur
68%
Prinplouf
68%
4 Boskara
65%
Ouisticram
65%
Magicarpe
63%
7 Efflèche
62%
5 Gruikui
60%
Kirlia
58%
Ortide
58%
Azurill
56%
Armulys
55%
Croâporal
55%
Matoufeu
55%
Drackhaus
54%
Nidorina
54%
Nidorino
54%
Blindalys
53%
6 Boguérisse
53%
Otarlette
53%
Pikachu
52%
Roussil
52%
Têtarte
52%
Togepi
51%
Stari
49%
Ymphect
49%
Cheniti
48%
Kokiyas
48%
Goupix
47%
Otaria
47%
Stalgamin
45%
Crocogril
44%
Passerouge
44%
Canarbello
43%
Cosmovum
43%
Kraknoix
43%
Osselait
43%
Ramoloss
43%
Grainipiot
42%
Hypocéan
42%
9 Matourgeon
42%
Ningale
41%
Riolu
40%
Mateloutre
39%
Tylton
39%
Arakdo
37%
8 Bleuseille
36%
2 Feurisson
36%
Keunotor
36%
Noeunoeuf
35%
Balignon
34%
Tarinor
34%
Pomdepik
32%
Mime Jr
31%
Rapion
31%
Ursaring
31%
Ponyta
30%
Sapereau
30%
Cacnéa
29%
Cerfrousse
29%
Colossinge
29%
Pérégrain
29%
Venalgue
29%
Grelaçon
28%
Larvibule
27%
Bargantua
26%
Sancoki
26%
Smogo
26%
Carabing
25%
Chlorobule
25%
Pandespiegle
25%
Limagma
24%
Mucuscule
24%
Bébécaille
23%
Pohm
23%
Tritonde
23%
Furaiglon
22%
Rototaupe
22%
Vémini
22%
Chapotus
21%
Ecrapince
21%
Larvadar
21%
Lilliterelle
21%
Charbi
19%
Khélocrok
19%
Pimito
19%
Wushours
18%
Crabagarre
17%
Charbambin
16%
Mordudor
15%
Léboulérou
12%
Aucun quiz correspondant
Distribution des résultats
% des personnes avec chaque résultat
Percentile par nombre de réponses
Votre historique - résultats
Vous n’avez pas pris ce quiz depuis la dernière actualisation